01398nam a22002057a 4500003001000000005001700010008004100027015001200068020002200080040003400102080002000136100004400156245004900200250001100249260006200260300002100322520078600343650003101129655003201160AR-RoUNCS20260204145606.0091130s2008 ag gr 001 f spa  aAR-2008 a978-987-04-0986-1 aAR-BaBNbspacAR-RoUNCSeaacr1 a82-31(72)220161 aFuentes, Carlos,d1928-2012eautor4aut13aLa muerte de Artemio Cruz /cCarlos Fuentes. a1a ed. aBuenos Aires :bAguilar, Altea, Taurus, Alfaguara,c2008. a359 p. ;c24 cm.3 aLa novela relata las últimas horas de vida de Artemio Cruz, un poderoso hombre de la política y los negocios en México, mientras agoniza en su cama. A través de una estructura fragmentada, la narración alterna entre el presente de su lecho de muerte y diferentes momentos de su pasado. De este modo, se revisa su infancia, su ascenso durante la Revolución Mexicana, sus amores, traiciones, pérdidas, negocios turbios y alianzas políticas. Cada episodio revela cómo Artemio, que en su juventud luchó por ideales revolucionarios, terminó convirtiéndose en un hombre cínico, autoritario y corrupto. A lo largo del texto, el protagonista se confronta consigo mismo. Revive errores, se atormenta con recuerdos y se enfrenta al vacío moral que lo consume. 72embneaLiteratura mexicana 7aNovelas históricas2embne